Fundamentals of classical thermodynamics (Record no. 14470)

000 -LEADER
fixed length control field 00490nam a22001937a 4500
001 - CONTROL NUMBER
control field 14470
003 - CONTROL NUMBER IDENTIFIER
control field BD-DhUET
008 - FIXED-LENGTH DATA ELEMENTS--GENERAL INFORMATION
fixed length control field 150308b xxu||||| |||| 00| 0 eng d
040 ## - CATALOGING SOURCE
Transcribing agency 0
Modifying agency BD-DhUET
082 ## - DEWEY DECIMAL CLASSIFICATION NUMBER
Classification number 536.7
Item number VAN/1985
100 ## - MAIN ENTRY--PERSONAL NAME
Personal name Van Wylen, Gordon J.
245 ## - TITLE STATEMENT
Title Fundamentals of classical thermodynamics
250 ## - EDITION STATEMENT
Edition statement 3rd ed.
260 ## - PUBLICATION, DISTRIBUTION, ETC. (IMPRINT)
Place of publication, distribution, etc. New York
Name of publisher, distributor, etc. John Wiley & Sons
Date of publication, distribution, etc. 1985
300 ## - PHYSICAL DESCRIPTION
Extent xiv, 722 p.
650 #0 - SUBJECT ADDED ENTRY--TOPICAL TERM
Topical term or geographic name as entry element Thermodynamics
700 ## - ADDED ENTRY--PERSONAL NAME
Personal name Sonntag, Richard E.
942 ## - ADDED ENTRY ELEMENTS (KOHA)
Koha item type General Book
Holdings
Copy number Koha date last borrowed Koha item type Koha date last seen Date acquired Koha issues (times borrowed) Price effective from Koha full call number Withdrawn status Sublocation or collection (holding branch) Lost status Not for loan Koha normalized classification for sorting Location (home branch) Shelving location Source of classification or shelving scheme Damaged status Piece designation (barcode)
12025-05-26General Book2025-06-232015-03-0822015-03-08536.7/VAN/1985 Central Library, BUET  536_700000000000000_VAN_1985Central Library, BUETCirculation section  68588
22023-04-30General Book2023-05-082015-03-1042015-03-10536.7/VAN/1985 Central Library, BUET  536_700000000000000_VAN_1985Central Library, BUETCirculation section  68590
32023-12-02General Book2023-12-112015-03-1022015-03-10536.7/VAN/1985 Central Library, BUET  536_700000000000000_VAN_1985Central Library, BUETCirculation section  68592
42023-12-02General Book2024-02-182015-03-1622015-03-16536.7/VAN/1985 Central Library, BUET  536_700000000000000_VAN_1985Central Library, BUETCirculation section  68589